V Región: lo peor quedó atrás /
Los autores analizan la situación vigente en la V Región de Nicaragua. La misma está ubicada a ciento cuarenta Kms. al norte de Managua, y es una zona aislada y poco conocida, lo que ha contribuido a darle un carácter enigmático a la región. Ha tenido fuerte presencia de la contrarrevolución, en par...
Uloženo v:
| Hlavní autor: | |
|---|---|
| Další autoři: | |
| Médium: | Text |
| Témata: | |
| Tagy: |
Přidat tag
Žádné tagy, Buďte první, kdo vytvoří štítek k tomuto záznamu!
|
MARC
| LEADER | 00000 a a2200000 04500 | ||
|---|---|---|---|
| 001 | 12091 | ||
| 003 | |||
| 040 | |||
| 100 | |a Herrera, Carmen | ||
| 245 | |a V Región: |b lo peor quedó atrás / |c Carmen Herrera | ||
| 520 | |a Los autores analizan la situación vigente en la V Región de Nicaragua. La misma está ubicada a ciento cuarenta Kms. al norte de Managua, y es una zona aislada y poco conocida, lo que ha contribuido a darle un carácter enigmático a la región. Ha tenido fuerte presencia de la contrarrevolución, en particular del Comando 'Jorge Salazar'. Lo anterior se ha debido a que la lucha contra la dictadura somocista no tuvo en la región una fuerte incidencia, pues la columna sandinista que luchó ahí lo hizo solamente con objetivos militares y no realizó un trabajo político de apoyo a la revolución sandinista. Y todo ello fue creando un ambiente propicio para el asentamiento de la contrarrevolución, además cimentado en un marco económico de incipiente auge. HBQ/eb | ||
| 650 | |a CONTRARREVOLUCION | ||
| 650 | |a FRENTE SANDINISTA DE LIBERACION NACIONAL, NI | ||
| 650 | |a REVOLUCION | ||
| 650 | |a CONDICIONES ECONOMICAS | ||
| 650 | |a GUERRA | ||
| 650 | |a FUERZAS ARMADAS | ||
| 700 | |a Perales, Iosu | ||
| 773 | |g número 45; páginas 24-27 | ||
| 999 | |c 29416 |d 29416 | ||
